FCI-Gruppen - Statistiken

Allgemein
  • Dieses Quiz wurde 13 mal gespielt
  • Das Durchschnittsergebnis liegt bei 7 aus 10
Antwortstatistiken
Hint Antwort % Korrekt
Border Collie Hütehunde und Treibhunde
100%
Jack Russell .... Terrier
100%
Whippet Windhunde
82%
Labrador Retriever Apportierhunde, Stöberhunde, Wasserhunde
64%
Gibt es in drei Fellarten: Dachshunde
64%
Pudel Gesellschaftshunde, Begleithunde
55%
Dobermann .... Pinscher und Schnauzer, Molosser, Schweizer Sennenhunde
55%
English Pointer Vorstehhunde
55%
Siberian Husky Spitze und Hunde vom Urtyp
45%
Beagle Laufhunde, Schweisshunde und verwandte Rassen
36%
Keine übereinstimmenden Quizze gefunden
Verteilung der Resultate
Anzahl Personen mit jedem Resultat
Perzentil nach korrekt beantworteten Fragen
Ihre Resultats-Entwicklung
Sie haben dieses Quiz noch nicht gespielt